Pneumoonkologie v kazuistikách úspěchy a kontroverze v hrudní onkologii

Bibliographic Details
Main Author: Pešek, Miloš, 1950- (Author)
Format: Book
Language:Czech
PhysicalDescription:315 strán fotografie, ilustrácie 28 cm
Published: Praha Maxdorf [2018]
ISBN:9788073455880
Series:Jessenius
Subjects:

MARC

LEADER 00000cam a2200000 4500
001 vtls011829114
003 SK-MaSNL
005 20260302055042.0
008 181211s2018 xr oa fr 001 0dcze
020 |a 9788073455880  |q (viazané) 
040 |a SNK  |b slo  |c SNK  |e rda 
041 0 |a cze 
044 |a xr  |c CZ 
072 7 |a 616  |x Patológia. Klinická medicína  |2 konspekt 
080 |a 616-006  |2 2011 
080 |a 616.712  |2 2011 
080 |a 616.24-006.04  |2 2011 
080 |a 616-08  |2 2011 
080 |a (048.8:082)  |2 2011 
100 1 |a Pešek, Miloš,  |d 1950-  |4 aut  |9 12106 
245 1 0 |a Pneumoonkologie v kazuistikách  |b úspěchy a kontroverze v hrudní onkologii  |c Miloš Pešek a kolektiv 
246 1 |i Séria:  |a Medicína v istruktivních kazuistikách 
264 1 |a Praha  |b Maxdorf  |c [2018] 
264 4 |c ©2018 
300 |a 315 strán  |b fotografie, ilustrácie  |c 28 cm 
336 |a text  |b txt  |2 rdacontent 
337 |a bez média  |b n  |2 rdamedia 
338 |a zväzok  |b nc  |2 rdacarrier 
490 1 |a Jessenius 
500 |a Obsahuje biografické údaje o autoroch na strane 303-305 
500 |a Obsahuje prehľad použitých skratiek na strane 300-301 
504 |a Obsahuje bibliografiu ; register 
650 0 7 |a onkológia  |2 SNKPH  |9 2540 
650 0 7 |a rakovina pľúc  |2 SNKPH  |9 28339 
650 0 7 |a Oncology  |2 SNKPHeng  |9 265006 
650 0 7 |a Treatment  |2 SNKPHeng  |9 370620 
650 0 7 |a hrudník  |2 SNKPH  |9 21704 
650 0 7 |a Chest  |2 SNKPHeng  |9 415689 
650 0 7 |a terapia  |2 SNKPH  |9 781 
650 0 7 |a Pulmonary cancer  |2 SNKPHeng  |9 445347 
655 7 |a kolektívne monografie  |2 SNKPH  |9 249850 
655 7 |a Collective monographs  |2 SNKPHeng  |9 125747 
830 0 |a Jessenius  |9 315576 
919 |a 978-80-7345-588-0 
958 |a NB 
958 |a MI 
958 |a CZ 
999 |c 1115813  |d 1117743 
952 |t snkPEŠ 616-006  |a SNKUST  |b SNKUST  |y PREZ  |7 0  |p 17A1352678  |o snkIB 73681  |i snk2019/1217  |8 4  |g 22.86  |0 0  |1 0  |4 0  |d 2018-12-11  |l 0  |r 2025-05-30 00:00:00  |w 2026-02-24